000 01239nam a2200313 a 4500
001 000025278
003 OSt
005 20260303133933.0
008 100409s2010 dr ac r 000 0 spa d
020 _a9789945424478
040 _aDO-SdBNP
_bspa
_cBNPHU
082 _aRD863.44
_bP349a
_222
100 1 _aPeña, Dennis,
_d1953-
_939050
245 1 0 _a¡Ay, mi mai! :
_bvivencias anecdóticas culturales /
_cDennis Peña.
250 _a2a ed.
260 _aSanto Domingo :
_bAsociación Dominicana de Librero y Afines Incorporado (ASODOLIBRO),
_c2010
_f
300 _a158 p. :
_bil., retrs. ;
_c21 cm.
500 _aIncluye datos biográficos del autor en las solapas
500 _aEdición especial para la XII Feria Internacional del Libro, dedicada a Brasil y a Juan Bosch y Gabiño, en honor al centenario de su nacimiento
590 _aInventariado, 2019/BT
650 4 _aAnécdotas dominicanas
_928799
650 0 _aLiteratura dominicana.
_967
650 0 _aHumorismo dominicano
_9275
650 4 _aVida cotidiana
_vAnécdotas, chistes, sátiras, etc.
_977472
650 4 _aFilosofía de la vida cotidiana.
_977481
651 4 _aRepública Dominicana
_xVida social y costumbres
_9405
910 _aVMateo
942 _2ddc
_cLBS1
999 _c24771
_d24771